000 00398nam a2200181Ia 4500
001 428
005 20260306140517.0
008 260306t2003||||xx |||||||||||||| ||spa||
041 _aESP
082 _a113
_bA78 2008
100 _aArtigas, Mariano
_eAUT
245 0 _aFilosofĂ­a de la naturaleza
260 _c2003
300 _a
_c
650 _aGEN
654 _aCHU
942 _cLIB
_dJUS
_fJUS
_2ddc
_n
999 _c428
_d428